Представление документа в формате MARC21

Поле Инд. ПП Название Значение
Тип записи a
Библиографический уровень m
001 Контрольный номер 245e54df1fa44d3390740d86a20c36ec
005 Дата корректировки 20240331113227.8
020 a ISBN 5-88782-412-3
c Цена, тираж 150 р.
080 a Индекс УДК 159.9
084 a Индекс другой классификации/Индекс ББК Ю937я7
084 a Индекс другой классификации/Индекс ББК Ю952я7
090 00 a Полочн. индекс Ю9
x Авторский знак Х 98
097 b Оператор *Ст*
097 b Оператор *Вин*
097 b Оператор *Ир-С*
100 10 a Автор Хьелл Л.
245 00 a Заглавие Теории личности
b Продолж. заглавия основ. положения, исслед. и применение
b Продолж. заглавия учеб. пособие для вузов
250 a Основные сведения об издании 3-е изд.
260 00 a Место издания Санкт-Петербург
b Издательство Питер
c Дата издания 2003
300 00 a Объем 606 с.
b Иллюстрации/ тип воспроизводства ил.
440 00 a Серия Мастера психологии
516 8_ a Прим. о типе комп. файла/ данных Текст : непосредственный
a Прим. о типе комп. файла/ данных Текст : непосредственный
520 0_ a Аннотация Монография видных американских исследователей Л. Хьелла и Д. Зиглера адресована всем, для кого знание и практическое применение психологии необходимы в профессиональной деятельности. Прочесть ее будет полезно психологам и врачам, преподавателям и студентам, а также широкому кругу читателей, интересующимся вопросами современной психологии личности, межличностными и семейными отношениями. Книга охватывает широкий круг направлений в теории личности, разработанных такими крупнейшими учеными, как Фрейд, Адлер, Юнг, Эриксон, Фромм, Хорни, Кеттел, Айзенк, Скиннер, Бандура, Роттер, Келли, Маслоу, Роджерс. Большинство этих теорий впервые в столь полном объеме представлены на русском языке. В конце каждой главы читатель найдет обширный библиографический материал, посвященный конкретной проблеме.
583 a Действие Приписка : текст
653 00 a Ключевые слова Личность (психол.)
a Ключевые слова Психология
a Ключевые слова Психология личности
653 00 a Ключевые слова Теории личности
655 a Жанр/ форма (устаревшее) У
700 10 a Другие авторы Зиглер Д.
900 a Имя макрообъекта 001-000135245-000000000-0000-0000-00
901 t Тип документа m
905 a Дата создания записи 27.11.19
952 a Тип литературы для КСУ ВШ У2
b Гриф литературы для ВШ гриф Учебно-методического объединения (УМО) вузов России
c Вид литературы учебное пособие
952 e Факультет ФУСК
952 e Факультет ФУСК
b Гриф литературы для ВШ гриф Учебно-методического объединения (УМО) вузов России
a Тип литературы для КСУ ВШ У2
990 c Приоритет заказа (DOS) о
h N записи в КСУ для Б/У (DOS) 34/2019
f Даты поступлений (DOS) 18.11.19
g Размещение заказа (DOS) пожертвование от читателей
j Количество экземпляров (DOS) 1